|
|
|
|
| LEADER |
00837nam a2200265 a 4500 |
| 001 |
000488957 |
| 003 |
CZ BrMZK |
| 005 |
20100623125411.0 |
| 007 |
ta |
| 008 |
000105s1983 xo f slo d |
| 040 |
|
|
|a BOA001
|b cze
|
| 041 |
1 |
|
|a slo
|h rus
|
| 080 |
|
|
|a 882-32=854
|2 MRF
|
| 100 |
1 |
|
|a Cvetajeva, Marina Ivanovna,
|d 1892-1941
|7 jn19992000142
|4 aut
|
| 245 |
1 |
0 |
|a Sonička /
|c Marina Cvetajevová ; z rus. orig. preložil Miroslav Neman
|
| 250 |
|
|
|a 1. vyd.
|
| 260 |
|
|
|a Bratislava :
|b Smena,
|c 1983
|
| 300 |
|
|
|a 157 s.
|
| 490 |
1 |
|
|a Eva ;
|v zv. 87
|
| 700 |
1 |
|
|a Neman, Miroslav,
|d 1926-2005
|7 jx20040622015
|4 trl
|
| 765 |
0 |
|
|t Povest' o Sonečke
|9 Slovensky
|
| 830 |
|
0 |
|a Eva (Smena)
|0 s
|
| 910 |
|
|
|a BOA001
|b 2-0870.204
|
| 990 |
|
|
|a BK
|
| 996 |
7 |
|
|b 2619916980
|c 2-0870.204
|l MZK
|r Sklad / do 1 hodiny
|n 0
|w 000488957
|u 000010
|a 1
|e BOA001
|j MZK50
|s A
|